Platero y yo /

Uloženo v:
Podrobná bibliografie
Hlavní autor: Jiménez, Juan Ramón (Autor)
Další autoři: Gasparetti, Antonio
Médium: Kniha
Jazyk:italština
Vydáno: Milano : Nuova Accademia, stampa 1964
Edice:I cristalli
Tagy: Přidat tag
Žádné tagy, Buďte první, kdo vytvoří štítek k tomuto záznamu!

MARC

LEADER 00000nam a22000007i 4500
001 IT\ICCU\RML\0076632
003 ItRI
005 20251021202856.0
008 990420s1964 it |||||| ||||| |||||c
040 |b ita  |c Arcigay Viterbo 
041 7 |a ita  |2 ISO-639-2 
100 1 |a Jiménez, Juan Ramón  |0 IT\ICCU\CFIV\055144  |4 aut 
240 1 0 |a Platero y yo. -  |9 Jiménez, Juan Ramón 
245 1 0 |a Platero y yo /  |c Juan Ramón Jiménez ; a cura di Antonio Gasparetti. 
260 |a Milano :  |b Nuova Accademia,  |c stampa 1964 
300 |a 197 p. ;  |c 18 cm. 
700 1 |a Gasparetti, Antonio  |0 IT\ICCU\CFIV\016354 
830 2 |a I cristalli  |0 IT\ICCU\RAV\0118337 
942 |2 ddc  |c BK  |n 0 
952 |0 0  |1 0  |2 ddc  |4 0  |6 861_600000000000000_JIM_PLA  |7 0  |9 9828  |a VT  |b VT  |d 2025-10-21  |e Dono della Biblioteca Consorziale di Viterbo  |i B369  |l 0  |o 861.6 JIM PLA  |p B369  |r 2025-10-21 20:31:13  |w 2025-10-21  |y BK  |z Dono della Biblioteca Consorziale di Viterbo 
981 1 |6 z01  |a i   |b xxxe  
982 1 |6 z01  |a n 
999 |c 8192  |d 8192